00294nam a2200121Ia 4500008004100000082001700041100003100058245002800089250000800117260003100125300000800156650000800164191201s2010 xx 000 0 und d a658.301bBHH aBHATTACHARYYA, Dipak Kumar 0aHuman Resource Planning aRep aN.DelhibExcel Booksc2010 a441 aMBA